000 01383cam a22003135i 4500
999 _c28033
_d28004
001 019251812
003 EG-ScBUE
005 20200211111340.0
008 190128t20192019stka f b 001 0 eng d
020 _a9781474431682 (pbk.)
040 _aStDuBDS
_beng
_erda
_cStDuBDS
_dEG-ScBUE
082 0 4 _a791.4375
_bCON
_222
245 0 0 _aContemporary musical film /
_cedited by Kevin J. Donnelly, Beth Carroll.
264 1 _aEdinburgh :
_bEdinburgh University Press,
_c[2019]
264 4 _cc2019
300 _ax, 192 pages :
_billustrations (black and white) ;
_c24 cm.
336 _atext
_btxt
_2rdacontent
337 _aunmediated
_bn
_2rdamedia
338 _avolume
_bnc
_2rdacarrier
490 0 _aMusic and the moving image
504 _aIncludes bibliographical references and index.
520 _aThis edited collection looks closely at the range and scope of contemporary film musicals, from stage adaptations like 'Mamma Mia!' (2008) and 'Les Miserables' (2012), to less conventional works that elide the genre, like' Team America: World Police' (2004) and Quentin Tarantino's 'Kill Bill' (2003/04).
650 7 _aMusical films
_xHistory and criticism.
_2EG-ScBUE
653 _bCOMAME
_cFebruary2020
700 1 _aDonnelly, K. J.
_q(Kevin J.),
_eeditor.
700 1 _aCarroll, Beth
_c(Lecturer in Film and Literature),
_eeditor.
942 _2ddc
_cBB